MARC

LEADER 00000nas a2200000 i 4500
001 ssj0058983
003 WaSeSS
005 20200512172242.0
006 m d
007 cr n
008 080115c19959999ck fr p s 0 0spa c
010 |a  2013240297 
022 |a 2346-1691  |y 0122-8102 
035 |a (WaSeSS)ssj0058983 
040 |a OCoLC  |b eng  |c OCoLC  |d OCoLC  |d TxSaU  |d OCoLC  |d TxU  |d WaSeSS 
041 0 |a spa  |b eng  |b por 
042 |a pcc 
043 |a cl-----  |a s-ck---  |a cc----- 
130 0 |a Cuadernos de literatura (Bogotá, Colombia) 
245 1 0 |a Cuadernos de literatura  |h [electronic resource]. 
260 |a Bogotá, Colombia :  |b Pontificia Universidad Javeriana, Facultad de Ciencias Sociales, Departamento de Literatura,  |c 1995- 
310 |a Semiannual 
362 1 |a Began with Vol. 1, no. 1 (enero-junio de 1995). 
500 |a Some issues also have distinctive titles. 
506 |a License restrictions may limit access. 
546 |a Text primarily in Spanish; abstracts in English, Portuguese and Spanish. 
588 |a Description based on: Vol. 1, no. 1 (enero-junio de 1995); title from PDF cover (publisher's Web site, viewed Nov. 12, 2013). 
588 |a Latest issue consulted: Vol. 17, no. 34 (julio-diciembre 2013) (viewed Nov. 12, 2013). 
650 0 |a Latin American literature  |x History and criticism  |v Periodicals. 
650 0 |a Colombian literature  |x History and criticism  |v Periodicals. 
650 0 |a Caribbean literature  |x History and criticism  |v Periodicals. 
650 0 |a Literature  |x History and criticism  |v Periodicals. 
655 0 |a Electronic journals. 
710 2 |a Pontificia Universidad Javeriana.  |b Departamento de Literatura. 
776 0 8 |i Print version:  |t Cuadernos de literatura (Bogotá, Colombia)  |x 0122-8102  |w (DLC)sn 99036414  |w (OCoLC)41386563 
856 4 0 |z Full text available from PRISMA Database with HAPI Index: 01/01/2015 to 07/31/2016  |u https://search.proquest.com/publication/2042736